Statistics for Wes Anderson Movies

Click here to take the quiz!

General Stats

  • This quiz has been taken 81 times
    (51 since last reset)
  • The average score is 9 of 12

Answer Stats

YearAnswer% Correct
2009Fantastic Mr. Fox
94%
2014The Grand Budapest Hotel
92%
2001The Royal Tenenbaums
92%
2012Moonrise Kingdom
86%
2021The French Dispatch
86%
2018Isle of Dogs
81%
2004The Life Aquatic with Steve Zissou
75%
1996Bottle Rocket
72%
1998Rushmore
72%
2023Asteroid City
69%
2007The Darjeeling Limited
67%
2023The Wonderful Story of Henry Sugar
22%

Score Distribution

Percentile by Number Answered

Percent of People with Each Score

Your Score History

You have not taken this quiz since the last reset